000 00436nmm a2200157Ia 4500
008 251105s9999||||xx |||||||||||||||||und||
041 _aspa
100 _aFord, Jeffrey
245 0 _aEl año sombrío
264 _a[Madrid, España] :
_bLa Factoría de Ideas,
_c2011
300 _a320 páginas
490 _aLínea Maestra
650 _aThriller & Suspense
856 _uhttps://public.digitaliapublishing.com/a/25504
942 _cCF
999 _c99844
_d99844